000 00624nam a22002177a 4500
003 UA-OsUOA
001 60820
007 ta
008 20090610b un ||||| |||| 00| 0 ukr d
100 _aТрощій І.
090 _a330
_bТ76
942 _cSA
040 _aUA-OsUOA
_bukr
_cUA-OsUOA
_dUA-OsUOA
245 _aЄвропейський досвід боротьби з фінансовим шахрайством
300 _aС.62-66
955 _a0
041 _aukr
080 _a330
773 0 _w60818
_tФінансовий контроль
_dК.
_d2009
_g1
650 7 _a330 Економіка взагалі
_2UDC
999 _c347541
_d347541